Динамика изменения элементного состава природной среды по данным изучения гербарных и современных сборов растений юга Сибири: диссертация на соискание учёной степени доктора геолого-минералогических наук; спец. 25.00.36

Podrobná bibliografie
Hlavní autor: Черненькая Е. В. Елена Владимировна
Korporativní autor: Национальный исследовательский Томский политехнический университет (ТПУ) Институт природных ресурсов (ИПР) Кафедра геоэкологии и геохимии (ГЭГХ)
Další autoři: Барановская Н. В. Наталья Владимировна (научный руководитель)
Shrnutí:Заглавие с титульного экрана
Электронная версия печатной публикации
Jazyk:ruština
Vydáno: Томск, [Б. и.], 2016
Témata:
On-line přístup:http://earchive.tpu.ru/handle/11683/30547
Médium: MixedMaterials Elektronický zdroj Kniha
KOHA link:https://koha.lib.tpu.ru/cgi-bin/koha/opac-detail.pl?biblionumber=318298

MARC

LEADER 00000nlm0a2200000 4500
001 318298
005 20231215163257.0
035 |a (RuTPU)RU\TPU\book\343796 
035 |a RU\TPU\book\343794 
090 |a 318298 
100 |a 20160425j2016 k y0rusy50 ca 
101 0 |a rus 
102 |a RU 
105 |a a m 001zy 
135 |a drcn ---uucaa 
181 0 |a i  
182 0 |a b 
200 1 |a Динамика изменения элементного состава природной среды по данным изучения гербарных и современных сборов растений юга Сибири  |e диссертация на соискание учёной степени доктора геолого-минералогических наук  |e спец. 25.00.36  |f Е. В. Черненькая  |g Национальный исследовательский Томский политехнический университет (ТПУ) ; науч. рук. Н. В. Барановская 
203 |a Текст  |c электронный 
210 |a Томск  |c [Б. и.]  |d 2016 
215 |a 1 файл (7.73 Mb) 
300 |a Заглавие с титульного экрана 
300 |a Электронная версия печатной публикации 
606 1 |a Окружающая среда  |x Биологический контроль  |2 stltpush  |3 (RuTPU)RU\TPU\subj\70427  |9 84688 
610 1 |a диссертации 
610 1 |a электронный ресурс 
610 1 |a труды учёных ТПУ 
610 1 |a элементный состав 
610 1 |a природное сырье 
610 1 |a растения 
610 1 |a сборы 
610 1 |a Сибирь 
610 1 |a геохимия 
610 1 |a биосфера 
610 1 |a ядерный техногенез 
610 1 |a отбор проб 
610 1 |a геоэкологическая обстановка 
610 1 |a элементный состав 
610 1 |a плутоний 
610 1 |a биоиндикация 
675 |a 504.064(04)  |v 3 
686 |a 25.00.36  |2 oksvnk 
700 1 |a Черненькая  |b Е. В.  |g Елена Владимировна 
702 1 |a Барановская  |b Н. В.  |c геохимик  |c профессор Томского политехнического университета, доктор биологических наук  |f 1970-  |g Наталья Владимировна  |3 (RuTPU)RU\TPU\pers\26055  |4 727  |9 11894 
712 0 2 |a Национальный исследовательский Томский политехнический университет (ТПУ)  |b Институт природных ресурсов (ИПР)  |b Кафедра геоэкологии и геохимии (ГЭГХ)  |3 (RuTPU)RU\TPU\col\18658 
801 2 |a RU  |b 63413507  |c 20220930  |g RCR 
856 4 |u http://earchive.tpu.ru/handle/11683/30547 
942 |c CF